000 01336nam2a22002651 4500
001 v19\rc\2021441
005 20251118181433.3
035 _a(NLR Aleph) 005101755
090 _a7400100
_c7400100
100 _a20080925d1916 u y0rusy50 ca
101 0 _arus
102 _aRU
105 _ay z |||||
200 1 _a... за 1-й год его деятельности, с 1 мая 1915 г. по 1 мая 1916 года
210 _d1916
215 _a57 с.
461 0 _1001v19\rc\2021440
_12001#$aОтчет Юридического отдела Петроградского областного комитета Всероссийского союза городов...$v... за 1-й год его деятельности
_97400094
_aВсероссийский союз городов. Петроградский областной комитет
_cПетроград
_d1916
_tОтчет Юридического отдела Петроградского областного комитета Всероссийского союза городов...
_v... за 1-й год его деятельности
801 0 _aRU
_bNLR
_gpsbo
801 0 _aRU
_bRuMoRGB
_2psbo
801 1 _aRU
_bProSoft-M
_2rusmarc
852 _aNLR
_j18.246.6.96
899 _aRuMoRGB
_jR 446/608
899 _aRuMoRGB
_jΔ 428/172
942 _cBOOK
980 _aNB